Statistics for twenty one pilots - scaled and icy lyrics (fill in the blank)

Click here to take the quiz!

General Stats

  • This quiz has been taken 111 times
  • The average score is 7 of 11

Answer Stats

lyricsanswer% Correct
Manifest a _____ when you shy awayceiling
87%
Would you say you depend on the _____?weather
77%
He might have made it if he'd lived on a _____ streetdifferent
76%
We want you _____ in one piece nowhome
76%
Have you _____ you footing too?lost
76%
Cause they keep lying through their _____ _____fake teeth
72%
I'll ____ my eyes so I don't fall _____ againtape asleep
65%
Float you a couple _____, then you head to Mexicobands
62%
I see no _____
to co-sign on my fears
volunteers
56%
I won't break your heart , if you can break my _____spell
54%
Keep your _____, save your breath,pills
49%

Score Distribution

Percentile by Number Answered

Percent of People with Each Score

Your Score History

You have not taken this quiz